书目信息 |
| 题名: |
现代大学英语口语
|
|
| 作者: | 杨立民 总主编 ;龚雁 主编 | |
| 分册: | 1 | |
| 出版信息: | 北京 外语教学与研究出版社 2010.04 |
|
| 页数: | 123页 | |
| 开本: | 26cm | |
| 丛书名: | ||
| 单 册: | ||
| 中图分类: | H319.9 , H319.9 | |
| 科图分类: | ||
| 主题词: | 英语--口语--高等学校--教材 | |
| 电子资源: | ||
| ISBN: | 7-5600-4469-7 | |
| 000 | 00934nam0 2200277 450 | |
| 001 | 1838540468 | |
| 005 | 20181218104246.00 | |
| 010 | @a7-5600-4469-7@dCNY15.90 | |
| 010 | @a978-7-89478-374-5@bMP3 | |
| 100 | @a20110518e2010 em y0chiy0110 ea | |
| 101 | 0 | @achi@aeng |
| 102 | @aCN@b110000 | |
| 105 | @ay z 000yy | |
| 200 | 1 | @a现代大学英语口语@h1@dContemporary College English@h3@zeng@f杨立民总主编@g龚雁主编@9xian dai da xue ying yu |
| 210 | @a北京@c外语教学与研究出版社@d2010.04@h2010重印 | |
| 215 | @a123页@d26cm@e1光盘 | |
| 300 | @a普通高等教育“十一五”国家级规划教材 | |
| 510 | 1 | @aContemporary College English@iOral English@h3@zeng |
| 517 | 1 | @a口语@9kou yu |
| 606 | 0 | @a英语@x口语@x高等学校@j教材 |
| 690 | @aH319.9@v4 | |
| 690 | @aH319.9@v4 | |
| 701 | 0 | @a杨立民@4总主编@9yang li min |
| 702 | 0 | @a龚雁@4主编@9gong yan |
| 801 | 0 | @aCN@b大连网信软件有限公司图书馆·11@c20121029 |
| 905 | @aZUCC@dH319.9@eY2243:1 | |
| 现代大学英语口语.1=Contemporary College English.3/杨立民总主编/龚雁主编.-北京:外语教学与研究出版社,2010.04(2010重印) |
| 123页;26cm+1光盘 |
| 普通高等教育“十一五”国家级规划教材 |
| ISBN 7-5600-4469-7:CNY15.90 |
| ● |
| 相关链接 |
|
|
|
正题名:现代大学英语口语
索取号:H319.9/Y2243:1
 
预约/预借
| 序号 | 登录号 | 条形码 | 馆藏地/架位号 | 状态 | 备注 |
| 1 | 1301215 | 213012158 | 语言库209/209语言库 111排1列5层/ [索取号:H319.9/Y2243:1] | 在馆 |